000
00288nam a2200109Ia 4500
008
220204s9999 xx 000 0 und d
082
_a
594.38
_b
SOU
100
_a
South, A
245
0
_a
Terrestrial slugs: Biology, ecology and control
260
_a
London
_b
Chapman& Hall
_c
1992
942
_c
BK
999
_c
41464
_d
41464